|
|
|
|
| LEADER |
00672cam a2200205 7i4500 |
| 001 |
0000026360 |
| 005 |
20170218090000.0 |
| 008 |
090406 eng |
| 020 |
|
|
|a 1883249554 (hbk.)
|
| 020 |
|
|
|a 9781883249557
|
| 090 |
0 |
0 |
|a HG4650
|b .U86 1998
|
| 245 |
0 |
4 |
|a The use of derivatives in tax planning
|c edited by Frank J. Fabozzi.
|
| 260 |
|
|
|a New Hope:
|b Frank J. Fabozzi Inc.,
|c 1998.
|
| 300 |
|
|
|a v, 311 p.;
|c 23 cm.
|
| 500 |
|
|
|a Includes index
|
| 650 |
0 |
0 |
|a Fixed-income securities
|
| 650 |
0 |
0 |
|a Portfolio management
|
| 700 |
1 |
|
|a Fabozzi, Frank J.
|
| 997 |
|
|
|a Business & Accountancy, Faculty
|
| 999 |
|
|
|a 0000027370
|b BOK
|c OPEN SHELF
|e 1st Floor, Shah Alam
|